000 01198nam a2200337 a 4500
001 000111325
003 CHAP
005 20220329144207.0
008 150203s2013 mx a |rai ||||||spa d
010 _a107787
011 _a108759
020 _a9786077843597
040 _cCHAP
082 0 4 _a303.4833
_bF77
100 1 _aFountain, Jane E.
_9129190
245 1 3 _aLa construcción del Estado virtual :
_btecnologías de información y cambio institucional /
_cpor Jane E. Fountain.
260 _aMéxico, D.F. :
_bCentro de Investigación y Docencia Económicas,
_cc2013.
300 _a414 p.
490 1 _aColección gobierno y política pública
534 _pTít. original
_tBuilding the virtual State: intormation technology and institutional change
_cc2011
590 _aE5995AHE
_b05
_c20150203
_lUCH01
_h0947
650 1 4 _aComercio internacional.
_925641
650 1 4 _aInformación electrónica.
_958085
650 1 4 _aProcesamiento electrónico de datos.
_991819
650 1 4 _aRedes computarizadas.
_995378
650 1 4 _aTecnología de la información.
_9111961
830 0 _aColección gobierno y política pública
_9129191
901 _aBK
942 _cLIBRO
942 _n0
999 _c107787
_d107787